000 00695nam a22001937a 4500
005 20240902091355.0
008 240902t ||||| |||| 00| 0 spa d
020 _a9788496669895
040 _aCO-BoUCM
_cDavid Moreno
_dDavid Moreno
041 _aspa
100 1 _aRideal, Liz
_d1954-
_9182437
245 1 0 _aCómo leer pinturas
_buna guía sobre sus significados y métodos
_cLiz Rideal
260 _aTres Cantos, Madrid
_bH. Blume
_c2014
300 _a255 Paginas
_bilustraciones a color
650 1 4 _aPintura
_xInterpretación
_9182438
700 1 _aEspino Nuño, Jesús
_etraductor
_9165089
942 _2DEWEY
_a17
_cLIBRO
_e1
_h701.18
_mR544c
_n0
999 _c324632
_d324632